English Grammar for Everyone (Record no. 367675)
[ view plain ]
| 000 -LEADER | |
|---|---|
| fixed length control field | 00990nam a22001937a 4500 |
| 005 - DATE AND TIME OF LATEST TRANSACTION | |
| control field | 20250912143146.0 |
| 008 - FIXED-LENGTH DATA ELEMENTS--GENERAL INFORMATION | |
| fixed length control field | 250909b |||||||| |||| 00| 0 eng d |
| 020 ## - INTERNATIONAL STANDARD BOOK NUMBER | |
| International Standard Book Number | 9788184990003 |
| 041 ## - LANGUAGE CODE | |
| Language code of text/sound track or separate title | English |
| 082 ## - DEWEY DECIMAL CLASSIFICATION NUMBER | |
| Classification number | 372,6 |
| Item number | VAS |
| 100 ## - MAIN ENTRY--PERSONAL NAME | |
| Author | Vas Gratian |
| 245 ## - TITLE STATEMENT | |
| Title | English Grammar for Everyone |
| 260 ## - PUBLICATION, DISTRIBUTION, ETC. | |
| Place of publication, distribution, etc. | Mumbai |
| Name of publisher, distributor, etc. | Shree Book Centre |
| Date of publication, distribution, etc. | 2020 |
| 300 ## - PHYSICAL DESCRIPTION | |
| Extent | 576 |
| 365 ## - TRADE PRICE | |
| Price amount | 482.86 |
| Currency code | Rs.00 |
| 520 ## - SUMMARY, ETC. | |
| Summary, etc. | 1. The Sentence <br/>2. Basic Sentence Patterns <br/>3. Phrases And Clauses <br/>4. The Main Classes of Words <br/>5. Noun <br/>6. The Verb<br/>7. Verbals <br/>8. Forming And Using Verbs<br/>9. Verb Tenses <br/>10. The Modal Verb<br/>11. Verb Moods <br/>12. Active And Passive Voice <br/>13. Direct And Indirect Speech <br/>14. The Pronoun <br/>15. Adjective <br/>16. The Adverb <br/>17. The Preposition <br/>18. The Conjunction <br/>19. The Interjection <br/>20. The Article <br/>21. Modifiers <br/>22. Building Phrases & Clauses<br/>23. Building Sentences <br/>24. Punctuation |
| 650 ## - SUBJECT ADDED ENTRY--TOPICAL TERM | |
| Topical term or geographic name entry element | English Communication |
| 942 ## - ADDED ENTRY ELEMENTS (KOHA) | |
| Koha item type | Books |
| Withdrawn status | Lost status | Source of classification or shelving scheme | Damaged status | Not for loan | Home library | Current library | Date acquired | Vendor | Net Price | Bill number | Total Checkouts | Full call number | Barcode | Date last seen | Actual Price | Bill Date | Koha item type |
|---|---|---|---|---|---|---|---|---|---|---|---|---|---|---|---|---|---|
| Dewey Decimal Classification | School of Fashion Technology | School of Fashion Technology | 08/09/2025 | Amazon.in | 482.86 | PNQ3-123 | 372,6 VAS | SOFT-BK-4573 | 09/09/2025 | 599.00 | 03/09/2025 | Books |